[Event "POL-chT 2nd League"]
[Site "Wysowa"]
[Date "2007.09.05"]
[Round "3"]
[White "Kidzinski, Lukasz"]
[Black "Gunajew, Rafal"]
[Result "1/2-1/2"]
[WhiteElo "2048"]
[BlackElo "2249"]
[PlyCount "100"]
[EventDate "2007.09.03"]
[EventType "team-swiss"]
[EventRounds "9"]
[EventCountry "POL"]
[SourceTitle "EXT 2010"]
[Source "ChessBase"]
[SourceDate "2010.11.25"]
[SourceVersion "1"]
[SourceVersionDate "2010.11.25"]
[SourceQuality "1"]
[WhiteTeam "Grodzisk Polfa Mazowiecki"]
[BlackTeam "Krakow KKSz 1893"]
[WhiteTeamCountry "POL"]
[BlackTeamCountry "POL"]

1. e4 c5 2. Nf3 a6 3. d4 cxd4 4. Nxd4 e5 5. Nb3 Nf6 6. Bg5 Be7 7. Bxf6 Bxf6 8. Nc3 g6 9. Qd6 Nc6 10. Nd5 Be7 11. Nxe7 Qxe7 12. 0-0-0 Qxd6 13. Rxd6 Ke7 14. Rd2 b5 15. c4 bxc4 16. Bxc4 d6 17. Kb1 Bb7 18. Bd5 Nd8 19. Na5 Bxd5 20. exd5 Kd7 21. Rc1 f5 22. Rdc2 Ra7 23. Rc8 Nf7 24. Rxh8 Nxh8 25. b4 Nf7 26. a4 e4 27. Nc6 Rb7 28. Kb2 Nh6 29. h3 Ng8 30. Kb3 Nf6 31. Kc4 Nh5 32. g3 e3 33. g4 fxg4 34. hxg4 Nf6 35. f3 Rc7 36. b5 axb5+ 37. axb5 Rb7 38. Rh1 e2 39. Nb4 Kc8 40. Re1 Nd7 41. Nc6 Nb6+ 42. Kd4 Rf7 43. Rxe2 Rf4+ 44. Re4 Rxf3 45. Re8+ Kd7 46. Re7+ Kc8 47. Ke4 Rg3 48. Kf4 Rg1 49. Na7+ Kd8 50. Nc6+ Kc8 1/2-1/2

[Event "Mazowieckie-chT 0506"]
[Site "Poland"]
[Date "2005.11.06"]
[Round "3"]
[White "Gadzala, Dariusz"]
[Black "Kidzinski, Lukasz"]
[Result "0-1"]
[WhiteElo "1800"]
[BlackElo "1990"]
[PlyCount "74"]
[EventDate "2005.10.09"]
[EventType "team-tourn"]
[EventRounds "9"]
[EventCountry "POL"]
[SourceTitle "EXT 2019"]
[Source "ChessBase"]
[SourceDate "2018.10.10"]
[SourceVersion "1"]
[SourceVersionDate "2018.10.10"]
[SourceQuality "1"]

1. e4 d5 2. e5 c5 3. c3 Nc6 4. d4 Bf5 5. Bd3 Bxd3 6. Qxd3 e6 7. Ne2 Nge7 8. Nd2 Qb6 9. 0-0 Rc8 10. Nf3 cxd4 11. cxd4 Nb4 12. Qb3 Nec6 13. a3 Na5 14. Qa4+ Nbc6 15. b4 Nc4 16. Bg5 h6 17. Be3 Be7 18. Rac1 Qa6 19. Qxa6 bxa6 20. Rc3 Kd7 21. Ne1 f6 22. f4 Rb8 23. f5 exf5 24. e6+ Kxe6 25. Nf4+ Kd6 26. Ng6 Nxe3 27. Rxe3 Rhe8 28. Nc2 Bf8 29. Rc3 Re4 30. b5 axb5 31. Rxf5 Nxd4 32. Nxd4 Rxd4 33. Rg3 Ke6 34. Rf1 Bc5 35. Kh1 Kd6 36. Nf4 Re8 37. h3 Rxf4 0-1

[Event "Mazowieckie-chT 0405"]
[Site "Poland"]
[Date "2005.01.23"]
[Round "8"]
[White "Kopczynski, Krzysztof"]
[Black "Kidzinski, Lukasz"]
[Result "1-0"]
[WhiteElo "2005"]
[BlackElo "2008"]
[PlyCount "64"]
[EventDate "2004.10.03"]
[EventType "team-tourn"]
[EventRounds "10"]
[EventCountry "POL"]
[SourceTitle "EXT 2019"]
[Source "ChessBase"]
[SourceDate "2018.10.10"]
[SourceVersion "1"]
[SourceVersionDate "2018.10.10"]
[SourceQuality "1"]

1. e4 e6 2. d4 d5 3. Nd2 dxe4 4. Nxe4 Be7 5. Nf3 Nf6 6. Ng3 0-0 7. Bd3 c5 8. c3 cxd4 9. cxd4 Bb4+ 10. Bd2 Nc6 11. 0-0 Qa5 12. Bg5 Nd5 13. Rc1 h6 14. a3 hxg5 15. axb4 Qxb4 16. Nxg5 Nf6 17. Nh5 Qe7 18. Nxf6+ Qxf6 19. Nh7 Qxd4 20. Rc4 Qxc4 21. Bxc4 Kxh7 22. Qh5+ Kg8 23. Re1 Ne7 24. Re3 Nf5 25. Rh3 Nh6 26. g4 e5 27. Qg6 Bxg4 28. Rxh6 Bf5 29. Qxf5 gxh6 30. Qg6+ Kh8 31. Qxh6+ Kg8 32. Bd3 f5 1-0

[Event "POL-chT2 U18"]
[Site "Sielpa"]
[Date "2004.??.??"]
[Round "2"]
[White "Krawczyk, Andrzej Jr"]
[Black "Kidzinski, Lukasz"]
[Result "1-0"]
[WhiteElo "1950"]
[BlackElo "2020"]
[PlyCount "73"]
[EventDate "2004.??.??"]
[EventType "team"]
[EventRounds "11"]
[EventCountry "POL"]
[SourceTitle "EXT 2007"]
[Source "ChessBase"]
[SourceDate "2006.11.23"]
[SourceVersion "1"]
[SourceVersionDate "2006.11.23"]
[SourceQuality "1"]

1. e4 e6 2. d4 d5 3. e5 c5 4. c3 Qb6 5. Nf3 Bd7 6. Bd3 Bb5 7. 0-0 Bxd3 8. Qxd3 Nd7 9. Qe2 Ne7 10. dxc5 Qxc5 11. Nbd2 Qc7 12. Nb3 Ng6 13. Re1 a6 14. Bd2 Nb6 15. a4 Nc4 16. Bc1 Be7 17. Nbd4 0-0 18. b3 Ncxe5 19. Nxe5 Nxe5 20. Bf4 f6 21. Nxe6 Qxc3 22. Rac1 Qxb3 23. Bxe5 fxe5 24. Nxf8 Rxf8 25. Qxe5 Bh4 26. Rc8 Bxf2+ 27. Kh1 Qb4 28. Rxf8+ Qxf8 29. Rf1 Qc8 30. Qxd5+ Kh8 31. Qf7 Bc5 32. Rc1 h6 33. h3 b6 34. Re1 Kh7 35. Re8 Qc6 36. Qf5+ g6 37. Qf7# 1-0

[Event "POL-ch U16"]
[Site "Bartkowa"]
[Date "2002.??.??"]
[Round "?"]
[White "Kidzinski, Lukasz"]
[Black "Bugalski, Michal"]
[Result "1-0"]
[WhiteElo "2001"]
[BlackElo "2027"]
[PlyCount "37"]
[EventDate "2002.01.??"]
[EventType "swiss"]
[EventRounds "10"]
[EventCountry "POL"]
[SourceTitle "EXT 2005"]
[Source "ChessBase"]
[SourceDate "2004.11.15"]
[SourceVersion "1"]
[SourceVersionDate "2004.11.15"]
[SourceQuality "1"]

1. e4 e6 2. d4 d5 3. Nc3 Bb4 4. Nge2 dxe4 5. a3 Bxc3+ 6. Nxc3 Nc6 7. d5 Nce7 8. Qg4 Nxd5 9. Qxg7 Qf6 10. Qg3 Nxc3 11. bxc3 Bd7 12. Bf4 Qg6 13. Rb1 Qxg3 14. hxg3 0-0-0 15. Rh5 h6 16. Ra5 Kb8 17. Rc5 Ka8 18. Rxc7 b6 19. Ba6 1-0

[Event "POL-ch U16"]
[Site "Bartkowa"]
[Date "2002.??.??"]
[Round "?"]
[White "Kidzinski, Lukasz"]
[Black "Cajbel, Maciej"]
[Result "1-0"]
[WhiteElo "2001"]
[BlackElo "2113"]
[PlyCount "139"]
[EventDate "2002.01.??"]
[EventType "swiss"]
[EventRounds "10"]
[EventCountry "POL"]
[SourceTitle "EXT 2005"]
[Source "ChessBase"]
[SourceDate "2004.11.15"]
[SourceVersion "1"]
[SourceVersionDate "2004.11.15"]
[SourceQuality "1"]

1. e4 c5 2. Nf3 d6 3. d4 cxd4 4. Nxd4 Nf6 5. Nc3 g6 6. Be3 Bg7 7. f3 0-0 8. Qd2 Nc6 9. g4 Nxd4 10. Bxd4 Be6 11. h4 Qa5 12. h5 Rfc8 13. h6 Bh8 14. g5 Nd7 15. Bxh8 Kxh8 16. a3 Ne5 17. Be2 Qb6 18. 0-0-0 Bc4 19. Nd5 Bxd5 20. exd5 Kg8 21. f4 Nc4 22. Qc3 Qe3+ 23. Qxe3 Nxe3 24. Rd2 Rc5 25. Bf3 Rac8 26. c3 Kf8 27. Re1 Nf5 28. Bg4 R8c7 29. Kc2 Rc4 30. Rf2 Rd4 31. Bxf5 gxf5 32. Rd1 Re4 33. b3 b5 34. Kb2 Rc5 35. b4 Rcc4 36. a4 a5 37. axb5 axb4 38. Rf3 Rc5 39. Ra1 bxc3+ 40. Kc2 Re2+ 41. Kd1 Rd2+ 42. Kc1 Ke8 43. b6 Rh2 44. b7 Rh1+ 45. Kc2 Rh2+ 46. Kd3 Rb2 47. Ra8+ Kd7 48. b8Q Rxb8 49. Rxb8 c2 50. Rf1 c1Q 51. Rxc1 Rxc1 52. Rh8 Rh1 53. Rxh7 Ke8 54. Rh8+ Kd7 55. Rf8 Rh3+ 56. Kd4 e5+ 57. fxe5 Ke7 58. Ra8 Rh4+ 59. Ke3 dxe5 60. Ra7+ Ke8 61. d6 Rh3+ 62. Kf2 Rh2+ 63. Kg3 Rh5 64. Re7+ Kf8 65. Rxe5 Rxg5+ 66. Kf4 Rg4+ 67. Kxf5 Rd4 68. Ra5 Rxd6 69. Ra8+ Ke7 70. h7 1-0

[Event "POL-ch U16"]
[Site "Zakopane"]
[Date "2001.01.25"]
[Round "10"]
[White "Paszek, Krzysztof"]
[Black "Kidzinski, Lukasz"]
[Result "1-0"]
[WhiteElo "2135"]
[BlackElo "2133"]
[PlyCount "47"]
[EventDate "2001.01.16"]
[EventType "swiss"]
[EventRounds "11"]
[EventCountry "POL"]
[SourceTitle "EXT 2002"]
[Source "ChessBase"]
[SourceDate "2001.11.25"]
[SourceVersion "1"]
[SourceVersionDate "2001.11.25"]
[SourceQuality "1"]

1. Nf3 Nf6 2. g3 g6 3. Bg2 Bg7 4. 0-0 0-0 5. d3 d5 6. Nbd2 c5 7. e4 d4 8. a4 Qc7 9. Nc4 Nfd7 10. Bg5 Nc6 11. Ne1 Nde5 12. b3 Nxc4 13. bxc4 Bd7 14. Qd2 Rae8 15. Bh6 Qa5 16. Qc1 Bxh6 17. Qxh6 Nb4 18. f4 Bxa4 19. f5 b5 20. Nf3 f6 21. fxg6 hxg6 22. Qxg6+ Kh8 23. Nxd4 cxd4 24. Rf5 1-0

[Event "POL-ch U16"]
[Site "Zakopane"]
[Date "2001.01.24"]
[Round "9"]
[White "Kidzinski, Lukasz"]
[Black "Jamroz, Grzegorz"]
[Result "1-0"]
[WhiteElo "2133"]
[BlackElo "2045"]
[PlyCount "95"]
[EventDate "2001.01.16"]
[EventType "swiss"]
[EventRounds "11"]
[EventCountry "POL"]
[SourceTitle "EXT 2002"]
[Source "ChessBase"]
[SourceDate "2001.11.25"]
[SourceVersion "1"]
[SourceVersionDate "2001.11.25"]
[SourceQuality "1"]

1. e4 e5 2. Nf3 Nc6 3. d4 exd4 4. Nxd4 Bc5 5. Nb3 Bb6 6. a4 a6 7. Nc3 Nge7 8. Bg5 d6 9. Nd5 Be6 10. Nxb6 cxb6 11. Nd4 d5 12. Nxe6 fxe6 13. Qg4 Qd7 14. g3 Ne5 15. Qe2 N7c6 16. Bg2 0-0 17. Rd1 d4 18. 0-0 Nf7 19. Bc1 e5 20. f4 Rac8 21. Qh5 Qd6 22. f5 Ne7 23. g4 g5 24. f6 Ng6 25. Rd3 Rc7 26. Rh3 Nd8 27. Bxg5 Ne6 28. Bh6 Nef4 29. Bxf4 Nxf4 30. Qg5+ Kh8 31. Rh6 Qe6 32. Rxf4 exf4 33. Qg7+ Rxg7 34. fxg7+ Kxg7 35. Rxe6 Rc8 36. Re7+ Kf6 37. Rxb7 Rxc2 38. Rxb6+ Ke5 39. Rb3 Rc7 40. Kf2 Rc2+ 41. Kf3 Rd2 42. h4 d3 43. Bf1 Rh2 44. Rxd3 Rxb2 45. Rd5+ Ke6 46. Bxa6 Rh2 47. Kxf4 Rxh4 48. Rh5 1-0

[Event "POL-ch U16"]
[Site "Zakopane"]
[Date "2001.01.23"]
[Round "8"]
[White "Kidzinski, Lukasz"]
[Black "Kosmowski, Piotr"]
[Result "1-0"]
[WhiteElo "2133"]
[BlackElo "2075"]
[PlyCount "76"]
[EventDate "2001.01.16"]
[EventType "swiss"]
[EventRounds "11"]
[EventCountry "POL"]
[SourceTitle "EXT 2002"]
[Source "ChessBase"]
[SourceDate "2001.11.25"]
[SourceVersion "1"]
[SourceVersionDate "2001.11.25"]
[SourceQuality "1"]

1. e4 c5 2. Nf3 d6 3. d4 cxd4 4. Qxd4 Nc6 5. Bb5 Bd7 6. Bxc6 Bxc6 7. c4 Nf6 8. Nc3 e6 9. Bg5 Be7 10. 0-0 0-0 11. Rad1 Qc7 12. Qd3 Rfd8 13. Nd4 a6 14. Kh1 Rac8 15. f4 h6 16. Bh4 Be8 17. b3 b5 18. Qg3 bxc4 19. f5 cxb3 20. fxe6 Nh5 21. Qg4 Bxh4 22. Nd5 Qb7 23. Qxh4 fxe6 24. Ne7+ Kh7 25. Nxc8 Rxc8 26. axb3 Bf7 27. Rf3 Nf6 28. Rdf1 Bg6 29. Nxe6 Qe7 30. Nxg7 Qxg7 31. Qxf6 Qd7 32. Qd4 Qe7 33. h3 Rc2 34. Rf8 Qg7 35. Qxg7+ Kxg7 36. R8f2 Rc3 37. Rf3 Rc2 38. Re3 h5 1-0

[Event "POL-ch U16"]
[Site "Zakopane"]
[Date "2001.01.22"]
[Round "7"]
[White "Szoen, Dariusz"]
[Black "Kidzinski, Lukasz"]
[Result "1-0"]
[WhiteElo "2152"]
[BlackElo "2133"]
[PlyCount "67"]
[EventDate "2001.01.16"]
[EventType "swiss"]
[EventRounds "11"]
[EventCountry "POL"]
[SourceTitle "EXT 2002"]
[Source "ChessBase"]
[SourceDate "2001.11.25"]
[SourceVersion "1"]
[SourceVersionDate "2001.11.25"]
[SourceQuality "1"]

1. e4 c5 2. Nf3 e6 3. d4 cxd4 4. Nxd4 a6 5. Nc3 Qc7 6. Bd3 Nf6 7. 0-0 Be7 8. Kh1 d6 9. f4 Nbd7 10. Qf3 0-0 11. Bd2 Rb8 12. Rae1 Re8 13. e5 dxe5 14. fxe5 Nxe5 15. Qg3 Bd6 16. Ndb5 axb5 17. Nxb5 Nxd3 18. Qxd3 Qc6 19. Qxd6 Qxd6 20. Nxd6 Rd8 21. Bf4 Ra8 22. a3 Ra6 23. Rd1 Kf8 24. c4 Rc6 25. b3 Ke7 26. Nb5 Rxd1 27. Rxd1 Ne4 28. Rd4 Nc5 29. Na7 Nxb3 30. Nxc6+ bxc6 31. Rd3 Na5 32. Bd6+ Kf6 33. Rf3+ Kg6 34. c5 1-0

[Event "Milanowek op"]
[Site "Milanowek"]
[Date "2001.??.??"]
[Round "8"]
[White "Kidzinski, Lukasz"]
[Black "Krolikowski, Ryszard"]
[Result "0-1"]
[WhiteElo "2090"]
[BlackElo "2120"]
[PlyCount "80"]
[EventDate "2001.??.??"]
[EventType "swiss"]
[EventRounds "9"]
[EventCountry "POL"]
[SourceTitle "EXT 2003"]
[Source "ChessBase"]
[SourceDate "2002.11.25"]
[SourceVersion "1"]
[SourceVersionDate "2002.11.25"]
[SourceQuality "1"]

1. e4 Nf6 2. e5 Nd5 3. Nc3 Nxc3 4. bxc3 c5 5. Nf3 d5 6. Bb5+ Nc6 7. 0-0 Bg4 8. h3 Bh5 9. d4 e6 10. Qd3 Bg6 11. Qe2 c4 12. Nh2 h5 13. f4 Qa5 14. Bxc6+ bxc6 15. Rf3 h4 16. Ng4 Be4 17. Re3 Bf5 18. Rf3 Be4 19. Re3 Bf5 20. Rf3 Rb8 21. Bd2 Bxc2 22. Ne3 Bd3 23. Qe1 Be4 24. Rf1 Bd3 25. Rf3 g6 26. Ng4 Be7 27. Nf6+ Bxf6 28. exf6 Be4 29. Re3 Rb2 30. a3 Kd7 31. Re2 Qd8 32. f5 gxf5 33. Bf4 Rxe2 34. Qxe2 Rg8 35. Qh5 Rxg2+ 36. Kf1 Qg8 37. Be3 Bd3+ 38. Ke1 Qg3+ 39. Kd1 Be2+ 40. Kc1 Qxe3+ 0-1

[Event "Milanowek op"]
[Site "Milanowek"]
[Date "2001.??.??"]
[Round "3"]
[White "Ponceleusz, Bronislaw"]
[Black "Kidzinski, Lukasz"]
[Result "1-0"]
[WhiteElo "2045"]
[BlackElo "2090"]
[PlyCount "87"]
[EventDate "2001.??.??"]
[EventType "swiss"]
[EventRounds "9"]
[EventCountry "POL"]
[SourceTitle "EXT 2003"]
[Source "ChessBase"]
[SourceDate "2002.11.25"]
[SourceVersion "1"]
[SourceVersionDate "2002.11.25"]
[SourceQuality "1"]

1. d4 Nf6 2. c4 g6 3. Nc3 Bg7 4. e4 d6 5. Be2 0-0 6. Nf3 c5 7. 0-0 Bg4 8. d5 Na6 9. h3 Bd7 10. Bg5 Nc7 11. a4 b6 12. Nd2 a6 13. f4 Rb8 14. e5 Nfe8 15. Nf3 b5 16. axb5 axb5 17. Ne4 Bf5 18. Ng3 Bd7 19. Ne4 Bf5 20. Ng3 Bd7 21. Qc2 bxc4 22. Bxc4 f6 23. Bh4 Bb5 24. b3 Bxc4 25. bxc4 dxe5 26. fxe5 fxe5 27. Rae1 Bf6 28. Ne4 Bxh4 29. Nxh4 Ng7 30. Rxf8+ Kxf8 31. Nxc5 e6 32. Qf2+ Kg8 33. dxe6 Ncxe6 34. Nf3 Qd6 35. Ne4 Qc7 36. Nf6+ Kh8 37. Qh4 Nf5 38. Qe4 Qc5+ 39. Kh2 Rb2 40. Qxe5 Qxe5+ 41. Rxe5 Nf4 42. Ne1 Nh4 43. Re7 Nf3+ 44. Nxf3 1-0

[Event "POL-chT U19 31st"]
[Site "Wisla"]
[Date "2000.07.25"]
[Round "7.4"]
[White "Kuzmicz, Krystian"]
[Black "Kidzinski, Lukasz"]
[Result "1-0"]
[WhiteElo "2147"]
[BlackElo "2133"]
[PlyCount "63"]
[EventDate "2000.07.19"]
[EventType "team-tourn"]
[EventRounds "11"]
[EventCountry "POL"]
[SourceTitle "EXT 2005"]
[Source "ChessBase"]
[SourceDate "2004.11.15"]
[SourceVersion "1"]
[SourceVersionDate "2004.11.15"]
[SourceQuality "1"]
[WhiteTeam "Warszawa Polonia TOP GAN U19"]
[BlackTeam "Czestochowa Hetman U19"]
[WhiteTeamCountry "POL"]
[BlackTeamCountry "POL"]

1. e4 c5 2. Nf3 e6 3. d4 cxd4 4. Nxd4 a6 5. c4 Qc7 6. Nc3 b6 7. Bd3 Bb7 8. 0-0 Nf6 9. Be3 d6 10. Rc1 Be7 11. f4 Nbd7 12. b4 a5 13. a3 0-0 14. Ndb5 Qc6 15. Nd5 Bd8 16. Nbc7 exd5 17. cxd5 Qxc7 18. Rxc7 Bxc7 19. g4 h6 20. h4 Rfe8 21. g5 Nxe4 22. Qc2 Bd8 23. Bxe4 f5 24. Bxf5 Rxe3 25. Be6+ Kh8 26. Bxd7 axb4 27. a4 Bxd5 28. Qf5 Bg8 29. gxh6 Bf6 30. hxg7+ Bxg7 31. Qh5+ Bh7 32. Bf5 1-0

[Event "Milanowek"]
[Site "Milanowek"]
[Date "2000.??.??"]
[Round "2"]
[White "Grzelak, Artur"]
[Black "Kidzinski, Lukasz"]
[Result "1-0"]
[WhiteElo "2257"]
[BlackElo "2133"]
[PlyCount "66"]
[EventDate "2000.08.??"]
[EventType "tourn"]
[EventRounds "9"]
[EventCountry "POL"]
[SourceTitle "EXT 2005"]
[Source "ChessBase"]
[SourceDate "2004.11.15"]
[SourceVersion "1"]
[SourceVersionDate "2004.11.15"]
[SourceQuality "1"]

1. d4 Nf6 2. c4 g6 3. Nc3 Bg7 4. e4 d6 5. Be2 0-0 6. Bg5 c5 7. d5 Re8 8. Qd2 e6 9. f3 a6 10. a4 Qa5 11. Ra3 exd5 12. cxd5 Nbd7 13. Nh3 Nb6 14. Nf2 Bd7 15. g4 Rab8 16. 0-0 Qb4 17. a5 Nc4 18. Bxc4 Qxc4 19. Qf4 Qd4 20. Qxd6 Nxg4 21. Qxd7 Nxf2 22. Rxf2 b5 23. axb6 h6 24. Bf4 Red8 25. Qa4 Rxb6 26. Qxd4 Bxd4 27. Na4 Bxf2+ 28. Kxf2 Rb5 29. Bc7 Rd7 30. d6 f5 31. e5 Kf7 32. Nb6 Rxb6 33. Bxb6 Rb7 1-0

[Event "Suwalki op-A"]
[Site "Suwalki"]
[Date "2000.??.??"]
[Round "?"]
[White "Kidzinski, Lukasz"]
[Black "Borkowski, Kamil"]
[Result "1/2-1/2"]
[WhiteElo "2135"]
[BlackElo "2120"]
[PlyCount "52"]
[EventDate "2000.08.??"]
[EventType "swiss"]
[EventRounds "10"]
[EventCountry "POL"]
[SourceTitle "EXT 2003"]
[Source "ChessBase"]
[SourceDate "2002.11.25"]
[SourceVersion "1"]
[SourceVersionDate "2002.11.25"]
[SourceQuality "1"]

1. e4 c5 2. Nf3 d6 3. d4 cxd4 4. Qxd4 Nc6 5. Bb5 Bd7 6. Bxc6 Bxc6 7. c4 Nf6 8. Nc3 e6 9. 0-0 Be7 10. b3 0-0 11. Bb2 a6 12. Rad1 Qa5 13. Qd3 b5 14. Nd4 Bd7 15. cxb5 axb5 16. Ndxb5 Bxb5 17. Qxb5 Qxb5 18. Nxb5 Rxa2 19. Bxf6 Bxf6 20. Nxd6 Rb8 21. Rb1 Bd4 22. b4 Kf8 23. Rb3 Ke7 24. Nc4 Rc8 25. Ne3 Bxe3 26. Rxe3 Rb2 1/2-1/2

[Event "Milanowek"]
[Site "Milanowek"]
[Date "2000.??.??"]
[Round "3"]
[White "Kidzinski, Lukasz"]
[Black "Godlewski, Artur"]
[Result "1/2-1/2"]
[WhiteElo "2133"]
[BlackElo "2142"]
[PlyCount "57"]
[EventDate "2000.08.??"]
[EventType "tourn"]
[EventRounds "9"]
[EventCountry "POL"]
[SourceTitle "EXT 2005"]
[Source "ChessBase"]
[SourceDate "2004.11.15"]
[SourceVersion "1"]
[SourceVersionDate "2004.11.15"]
[SourceQuality "1"]

1. e4 c5 2. Nf3 Nc6 3. d4 cxd4 4. Nxd4 Nf6 5. Nc3 e5 6. Ndb5 d6 7. Bg5 a6 8. Bxf6 gxf6 9. Na3 d5 10. Qxd5 Be6 11. Qxd8+ Rxd8 12. Bd3 Rg8 13. g3 b5 14. Naxb5 axb5 15. Nxb5 Bb4+ 16. Ke2 Ke7 17. c3 Bc5 18. a4 Bxf2 19. a5 Bxg3 20. a6 Bf4 21. a7 Rg2+ 22. Ke1 Rgg8 23. Ra6 Rc8 24. Kf2 Bg5 25. Rha1 Bh4+ 26. Ke3 Bg5+ 27. Kf2 Bh4+ 28. Ke3 Bg5+ 29. Kf2 1/2-1/2

[Event "Milanowek"]
[Site "Milanowek"]
[Date "2000.??.??"]
[Round "5"]
[White "Kidzinski, Lukasz"]
[Black "Kowalewski, Jaroslaw"]
[Result "1-0"]
[WhiteElo "2133"]
[BlackElo "2088"]
[PlyCount "103"]
[EventDate "2000.08.??"]
[EventType "tourn"]
[EventRounds "9"]
[EventCountry "POL"]
[SourceTitle "EXT 2005"]
[Source "ChessBase"]
[SourceDate "2004.11.15"]
[SourceVersion "1"]
[SourceVersionDate "2004.11.15"]
[SourceQuality "1"]

1. e4 e6 2. d4 d5 3. Nc3 Bb4 4. e5 c5 5. Qg4 Ne7 6. dxc5 Bxc3+ 7. bxc3 Ng6 8. h4 Qc7 9. f4 Qxc5 10. Bd2 h5 11. Qg3 Nc6 12. Bd3 Nce7 13. Qg5 Bd7 14. Rb1 Rb8 15. Ne2 Nf5 16. Ng3 Nxg3 17. Qxg3 Ne7 18. Qg5 g6 19. g4 hxg4 20. Qxg4 Rh5 21. Qh3 Bc6 22. Be2 Rh7 23. Rf1 Kd7 24. c4 a5 25. cxd5 Bxd5 26. c4 Bc6 27. Qd3+ Nd5 28. cxd5 Qxd5 29. Qxd5+ exd5 30. Bb5 Rxh4 31. Bxc6+ Kxc6 32. Ke2 b5 33. Rfc1+ Kd7 34. Rc5 g5 35. Rxd5+ Ke6 36. Rbxb5 Rxb5 37. Rxb5 gxf4 38. Rxa5 f6 39. exf6 Kxf6 40. Kf3 Ke6 41. Bxf4 Kd7 42. Rc5 Rh3+ 43. Bg3 Rh6 44. Rc7+ Kd8 45. Ra7 Re6 46. a4 Rc6 47. Ke4 Kc8 48. a5 Rc1 49. a6 Rc3 50. Ra8+ Kd7 51. a7 Ra3 52. Bf2 1-0

[Event "Milanowek-ch"]
[Site "Milanowek"]
[Date "2000.??.??"]
[Round "6"]
[White "Kidzinski, Lukasz"]
[Black "Kowalska, Elzbieta"]
[Result "1/2-1/2"]
[WhiteElo "2133"]
[BlackElo "2110"]
[PlyCount "95"]
[EventDate "2000.07.??"]
[EventType "swiss"]
[EventRounds "9"]
[EventCountry "POL"]
[SourceTitle "EXT 2005"]
[Source "ChessBase"]
[SourceDate "2004.11.15"]
[SourceVersion "1"]
[SourceVersionDate "2004.11.15"]
[SourceQuality "1"]

1. e4 c5 2. Nf3 Nc6 3. Nc3 g6 4. Bc4 Bg7 5. 0-0 d6 6. d3 e6 7. Bf4 Nf6 8. Qd2 e5 9. Bg5 h6 10. Bh4 Bg4 11. Qe3 Nd4 12. Ne1 g5 13. Bg3 Nh5 14. h3 Be6 15. Bxe6 Nxe6 16. Ne2 Nhf4 17. c3 0-0 18. Nc2 Nxe2+ 19. Qxe2 Qf6 20. Ne3 Nf4 21. Qd2 Kh8 22. Nf5 Rg8 23. f3 h5 24. h4 Bh6 25. Kh1 gxh4 26. Bxh4 Bg5 27. Bxg5 Rxg5 28. g3 Ng6 29. Rg1 Ne7 30. Nxd6 Rag8 31. Nxf7+ Qxf7 32. Qf2 b6 33. Raf1 R8g7 34. Kh2 Qf6 35. d4 cxd4 36. cxd4 exd4 37. f4 Rg4 38. Rd1 h4 39. Qxd4 Qxd4 40. Rxd4 hxg3+ 41. Kh3 Rxf4 42. Rxg3 Rxg3+ 43. Kxg3 Rf7 44. a4 Kg7 45. Rd6 Ng6 46. a5 bxa5 47. Ra6 Ne5 48. Rxa5 1/2-1/2

[Event "Milanowek-ch"]
[Site "Milanowek"]
[Date "2000.??.??"]
[Round "5"]
[White "Kidzinski, Lukasz"]
[Black "Szwier, Eugeniusz"]
[Result "1-0"]
[WhiteElo "2133"]
[BlackElo "2000"]
[PlyCount "45"]
[EventDate "2000.07.??"]
[EventType "swiss"]
[EventRounds "9"]
[EventCountry "POL"]
[SourceTitle "EXT 2005"]
[Source "ChessBase"]
[SourceDate "2004.11.15"]
[SourceVersion "1"]
[SourceVersionDate "2004.11.15"]
[SourceQuality "1"]

1. e4 e6 2. d4 d5 3. exd5 exd5 4. Bd3 Bd6 5. Qf3 c6 6. Ne2 Qf6 7. Qe3+ Ne7 8. 0-0 0-0 9. Nd2 Nf5 10. Qh3 h6 11. g4 Nxd4 12. Ng3 Bf4 13. Nh5 Qg5 14. Nxf4 Qxf4 15. f3 Ne6 16. Ne4 Qe5 17. f4 Qd4+ 18. Be3 Nxf4 19. Rxf4 Qxb2 20. Nf6+ gxf6 21. Bd4 Qb4 22. Qxh6 Re8 23. Bh7+ 1-0

[Event "Suwalki op-A"]
[Site "Suwalki"]
[Date "2000.??.??"]
[Round "?"]
[White "Klusowski, Marek"]
[Black "Kidzinski, Lukasz"]
[Result "1-0"]
[WhiteElo "2050"]
[BlackElo "2135"]
[PlyCount "51"]
[EventDate "2000.08.??"]
[EventType "swiss"]
[EventRounds "10"]
[EventCountry "POL"]
[SourceTitle "EXT 2003"]
[Source "ChessBase"]
[SourceDate "2002.11.25"]
[SourceVersion "1"]
[SourceVersionDate "2002.11.25"]
[SourceQuality "1"]

1. e4 c5 2. Nf3 e6 3. d4 cxd4 4. Nxd4 a6 5. c4 Qc7 6. Nc3 Nf6 7. Be3 b6 8. Be2 Bb7 9. f3 Nc6 10. Qd2 Be7 11. 0-0 d6 12. f4 Rd8 13. f5 e5 14. Nc2 Na5 15. Nd5 Bxd5 16. exd5 Nxc4 17. Qc3 Rc8 18. Nb4 Nxe3 19. Qxe3 a5 20. Rac1 Qb8 21. Bb5+ Nd7 22. Na6 Qb7 23. Rxc8+ Qxc8 24. Rc1 Qb7 25. Rc7 Qxd5 26. Rc8+ 1-0